00378 a2200133 4500001001000000005001700010008004100027245002800068100002000096700002300116700002100139773006700160999001700227ART_1112620260410161732.0260409a 10aPlaneamiento impositivo1 aCravino, Daniel1 aGarcía, Fernando1 aShilton, Edgardo0 tEjecutivos de finanzasg- Año 5, Nº 42 (nov. 1987)wREV2863 c17990d17990